Loading...
الصورة الشعرية في الغزل العذري
| Hovedforfatter: | |
|---|---|
| Format: | Printed Book |
| Sprog: | English |
| Udgivet: |
دار الحوار للنشر والتوزيع
2011
|
| LEADER | 00546nam a22001337a 4500 | ||
|---|---|---|---|
| 008 | 210120b ||||| |||| 00| 0 eng d | ||
| 020 | |a 9789933432683 | ||
| 082 | |a 811.01 NZ | ||
| 100 | |9 1580126 |a دلال هاشم كريم الكناني | ||
| 245 | |a الصورة الشعرية في الغزل العذري | ||
| 260 | |b دار الحوار للنشر والتوزيع |c 2011 | ||
| 942 | |c BK | ||
| 999 | |c 354600 |d 354600 | ||
| 952 | |0 0 |1 0 |2 ddc |4 0 |6 811_010000000000000_NZ |7 0 |9 411196 |a ARA |b ARA |c ST1 |d 2021-01-20 |i 12695 |l 0 |o 811.01 NZ |p ARA12695 |r 2021-01-20 |w 2021-01-20 |y BK | ||